Los fichajes más caros del fútbol - Porteros - Temporada 2021-2022 - Estadísticas

Estadísticas generales
  • Esta prueba ha sido intentada 27 veces
  • La puntuación promedio es 6 de 10
Estadísticas de respuestas
Coste (M €) Nacionalidad Último club Nuevo club Jugador % Correcto
15,00 Suiza VfB Stuttgart Borussia Dortmund Gregor Kobel
96%
16,40 Francia LOSC Lille AC Milan Mike Maignan
96%
11,80 Portugal Wolverhampton AS Roma Rui Patrício
91%
28,00 Inglaterra Sheff Utd Arsenal Aaron Ramsdale
87%
8,00 Portugal Olympiacos Wolverhampton José Sá
65%
20,50 Argentina Udinese Atalanta Juan Musso
57%
5,50 Portugal Sporting Lisboa Granada CF Luís Maximiano
39%
7,50 Francia Fiorentina FC Nantes Alban Lafont
26%
6,20 Polonia Liverpool U23 FC Copenhague Kamil Grabara
22%
5,85 Inglaterra / Escocia Southampton Norwich Angus Gunn
13%
No se encontraron pruebas coincidentes
Distribución de puntuación
Porcentaje de gente con cada puntuación
Porcentaje por número respondido
Historial de tus puntuaciones
No has intentado esta prueba.